| 000 | 00634nam a22002177a 4500 | ||
|---|---|---|---|
| 003 | OSt | ||
| 005 | 20140310183123.0 | ||
| 008 | 130516t xxu||||| |||| 00| 0 eng d | ||
| 020 | _a9789715065856 | ||
| 050 |
_aPL5507 _b.W894 2011 |
||
| 082 |
_aF959.02 _b.W894 2011 |
||
| 245 |
_aTomas Pinpin and Tagalog survival in Early Spanish Philippines _cWoods, Damon L. |
||
| 260 |
_aManila : _bUST Publishing House, _c2011. |
||
| 300 |
_axiv, 198 p. ; _c23 cm. |
||
| 504 | _aIncludes bibliographical references. | ||
| 521 | _acollege students | ||
| 526 | _c1210L-1700L | ||
| 541 | _j1 | ||
| 562 | _e1 | ||
| 942 |
_2lcc _cBK _kFIL |
||
| 999 |
_c18969 _d18969 |
||